| Tag |
First Indicator |
Second Indicator |
Subfields |
| LEADER |
00000cam a22000004a 4500 |
| 001 |
in00002188213 |
| 005 |
20151104070146.0 |
| 008 |
060201s2006 enka b 001 0 eng |
| 010 |
|
|
|a 2006003491
|
| 020 |
|
|
|a 0195308360 (pbk.)
|
| 020 |
|
|
|a 0195308417 (hardcover)
|
| 024 |
3 |
|
|a 9780195308365
|
| 024 |
3 |
|
|a 9780195308419
|
| 035 |
|
|
|a (OCoLC)ocm63660421
|
| 040 |
|
|
|a DLC
|c DLC
|d BAKER
|d C#P
|d UtOrBLW
|
| 042 |
|
|
|a pcc
|
| 049 |
|
|
|a TXAM
|
| 050 |
0 |
0 |
|a HM746
|b .S87 2006
|
| 082 |
0 |
0 |
|a 060.4/2
|2 22
|
| 100 |
1 |
|
|a Susskind, Lawrence.
|
| 245 |
1 |
0 |
|a Breaking Robert's rules :
|b the new way to run your meeting, build consensus, and get results /
|c Lawrence E. Susskind and Jeffrey L. Cruikshank.
|
| 264 |
|
1 |
|a Oxford ;
|a New York :
|b Oxford University Press,
|c 2006.
|
| 300 |
|
|
|a xvi, 222 pages :
|b illustrations ;
|c 21 cm.
|
| 336 |
|
|
|a text
|b txt
|2 rdacontent
|
| 337 |
|
|
|a unmediated
|b n
|2 rdamedia
|
| 338 |
|
|
|a volume
|b nc
|2 rdacarrier
|
| 504 |
|
|
|a Includes bibliographical references (pages [216]-217) and index.
|
| 505 |
0 |
|
|a Why break Robert's rules? -- What is consensus? -- Getting the right people to the table -- Assigning tasks and leadership responsibilities -- The importance of facilitation -- Confirming that agreement has been reached -- Crafting "nearly self-enforcing" agreements -- Overcoming the barriers to CBA -- Step 1: Convening -- Step 2: Assigning roles and responsibilities -- Step 3: Facilitating group problem-solving -- Step 4: Reaching agreement -- Step 5: Holding parties to their commitments.
|
| 650 |
|
0 |
|a Group decision making.
|
| 650 |
|
0 |
|a Consensus (Social sciences)
|
| 650 |
|
0 |
|a Conflict management.
|
| 700 |
1 |
|
|a Cruikshank, Jeffrey L.
|
| 856 |
4 |
1 |
|3 Table of contents
|u http://www.loc.gov/catdir/toc/ecip067/2006003491.html
|t 0
|
| 938 |
|
|
|a Baker & Taylor
|b BKTY
|c 15.95
|d 11.96
|i 0195308360
|n 0006798525
|s active
|
| 938 |
|
|
|a Baker & Taylor
|b BKTY
|c 30.00
|d 30.00
|i 0195308417
|n 0006798520
|s active
|
| 945 |
|
|
|i PromptCat
|
| 947 |
|
|
|a A14834366590
|
| 994 |
|
|
|a 92
|b TXA
|
| 948 |
|
|
|a cataloged
|b h
|c 2006/9/12
|d c
|e rbarron
|f 5:04:39 pm
|
| 999 |
|
|
|a MARS
|
| 999 |
f |
f |
|s f0458908-add0-3b7f-ab14-b77468884ca5
|i 48f94d39-9e87-3984-a16d-5bc98410eb76
|t 0
|
| 952 |
f |
f |
|p normal
|a Texas A&M University
|b College Station
|c Sterling C. Evans Library
|d Evans: Library Stacks
|t 0
|e HM746 .S87 2006
|h Library of Congress classification
|i unmediated -- volume
|m A14834366590
|
| 998 |
f |
f |
|a HM746 .S87 2006
|t 0
|l Evans: Library Stacks
|